<?xml version="1.0" encoding="UTF-8"?>
<record
    xmlns:xsi="http://www.w3.org/2001/XMLSchema-instance"
    xsi:schemaLocation="http://www.loc.gov/MARC21/slim http://www.loc.gov/standards/marcxml/schema/MARC21slim.xsd"
    xmlns="http://www.loc.gov/MARC21/slim">

  <leader>00489nam a2200133   4500</leader>
  <controlfield tag="008">740.92 T757e</controlfield>
  <datafield tag="020" ind1=" " ind2=" ">
    <subfield code="a">9788568409022</subfield>
  </datafield>
  <datafield tag="082" ind1=" " ind2=" ">
    <subfield code="a">740.92</subfield>
    <subfield code="b">T757e</subfield>
  </datafield>
  <datafield tag="100" ind1=" " ind2=" ">
    <subfield code="a">Tozzi, Claudio</subfield>
    <subfield code="9">7238</subfield>
  </datafield>
  <datafield tag="245" ind1=" " ind2=" ">
    <subfield code="a">Emblema da Cultura Brasilera:</subfield>
    <subfield code="b">Retrospectiva da obra gr&#xE1;fica</subfield>
  </datafield>
  <datafield tag="260" ind1=" " ind2=" ">
    <subfield code="a">Curitiba</subfield>
    <subfield code="b">Quatrocantos escrit&#xF3;rio de Arte</subfield>
    <subfield code="c">2019</subfield>
  </datafield>
  <datafield tag="300" ind1=" " ind2=" ">
    <subfield code="a">80 p.</subfield>
    <subfield code="b">il. (col)</subfield>
    <subfield code="c">20 x 21 cm</subfield>
  </datafield>
  <datafield tag="650" ind1=" " ind2=" ">
    <subfield code="x">arte contempor&#xE1;neo</subfield>
    <subfield code="x">arte - obra gr&#xE1;fica</subfield>
    <subfield code="x">arte - exhibiciones</subfield>
    <subfield code="x">arte - Brasil</subfield>
    <subfield code="x">Tozzi, Claudio - artista</subfield>
    <subfield code="9">7239</subfield>
  </datafield>
  <datafield tag="999" ind1=" " ind2=" ">
    <subfield code="c">1870</subfield>
    <subfield code="d">1870</subfield>
  </datafield>
  <datafield tag="952" ind1=" " ind2=" ">
    <subfield code="0">0</subfield>
    <subfield code="1">0</subfield>
    <subfield code="2">ddc</subfield>
    <subfield code="4">0</subfield>
    <subfield code="7">0</subfield>
    <subfield code="a">LV</subfield>
    <subfield code="b">LV</subfield>
    <subfield code="c">Gr&#xE1;fica</subfield>
    <subfield code="d">2019-11-13</subfield>
    <subfield code="l">0</subfield>
    <subfield code="o">740.92 T757e</subfield>
    <subfield code="p">004842</subfield>
    <subfield code="r">2019-11-13 00:00:00</subfield>
    <subfield code="w">2019-11-13</subfield>
    <subfield code="y">01</subfield>
  </datafield>
</record>
